La glotodidáctica: propuesta para lograr la excelencia académica en los futuros docentes de lengua española

Saved in:
Bibliografiske detaljer
Hovedforfatter: Córdoba Aguilar, Fulvio (Author)
Format: Bog
Sprog:spansk
Udgivet: Bogotá Universidad Pedagógica Nacional 2004
Udgivelse:1a. ed
Fag:
Tags: Tilføj Tag
Ingen Tags, Vær først til at tagge denne postø!

MARC

LEADER 00000nam a2200000 a 4500
001 UCL7904
003 CL-VaPUC
008 040604e20040000CK |||||||||||||||||spa|d
020 |a 9588226082 
082 0 4 |a 370.7  |b COR  |2 21 
100 0 |a Córdoba Aguilar, Fulvio  |e author  |9 485863 
245 1 3 |a La glotodidáctica: propuesta para lograr la excelencia académica en los futuros docentes de lengua española 
250 |a 1a. ed 
300 |a 172 p 
942 |c BK 
945 |d 20040604 00:00:00  |a cmena 
260 |a Bogotá  |b Universidad Pedagógica Nacional  |c 2004 
650 0 |a Formación profesional de profesores  |9 307493 
650 0 |a Educación lingüística  |9 306506 
650 0 |a Calidad de la educación   |9 307271 
583 |a last modification  |c 20040604 00:00:00  |k Rodrigo Vera 
999 |c 309460  |d 309458 
952 |0 0  |1 0  |4 0  |6 370_700000000000000_COR_2004  |7 0  |8 A  |9 376910  |a BIBEDU  |b BIBEDU  |c ES_NOD  |d 2019-11-21  |i 4023919  |o 370.7 COR 2004  |p 4023919  |r 2023-08-09  |w 2019-11-21  |y BK  |k EDU